000 00421nam a2200169Ia 4500
003 GCL
008 140319s9999 xx 000 0 ara d
040 _aGCL /
_cGCL
082 0 4 _a615.321
_bو ع
245 1 0 _aعلاج بلا دواء
300 _a96 ص
490 _aأسرتى
_v0
650 0 4 _aالعلاج النباتى
650 0 4 _aالنباتات الطبية
650 0 4 _aالاعشاب
942 _2ddc
_cBK
999 _c44555
_d44555